Nommez un pilote F1 de l'ère hybride ayant déjà eu ce numéro - Statistiques

Statistiques générales
  • Ce quiz a été pris 19 fois
  • Le résultat moyen est 24 sur 46
Statistiques - réponses
Numéro Dernière utilisation Pilote(s) % Correct
1 En cours Sebastian Vettel, Max Verstappen, Lando Norris
100%
3 En cours Daniel Ricciardo, Max Verstappen
88%
10 En cours Kamui Kobayashi, Pierre Gasly
88%
4 2025 Max Chilton, Lando Norris
88%
16 En cours Charles Leclerc
82%
6 En cours Nico Rosberg, Nicholas Latifi, Isack Hadjar
82%
11 En cours Sergio Perez
82%
14 En cours Fernando Alonso
76%
44 En cours Lewis Hamilton
76%
5 En cours Sebastian Vettel, Gabriel Bortoleto
76%
55 En cours Carlos Sainz
71%
63 En cours Georges Russell
71%
7 2025 Kimi Raïkkönen, Jack Doohan
71%
18 En cours Lance Stroll
71%
77 En cours Valtteri Bottas
71%
31 En cours Esteban Ocon
65%
17 2014 Jules Bianchi
65%
81 En cours Oscar Piastri
65%
99 2021 Adrian Sutil, Antonio Giovinazzi
59%
23 En cours Alexander Albon
59%
33 2021 Max Verstappen
59%
12 En cours Felipe Nasr, Andrea Kimi Antonelli
53%
47 2022 Mick Schumacher
53%
87 En cours Oliver Bearman
53%
2 2024 Stoffel Vandoorne, Logan Sargeant
53%
43 En cours Franco Colapinto
47%
22 2025 Jenson Button, Yuki Tsunoda
47%
9 2021 Marcus Ericsson, Nikita Mazepin
47%
27 En cours Nico Hülkenberg
47%
30 En cours Joylon Palmer, Liam Lawson
41%
20 2024 Kevin Magnussen
41%
8 2020 Romain Grosjean
41%
41 En cours Arvid Lindblad
35%
21 2023 Esteban Gutierrez, Nyck de Vries
29%
88 2021 Rio Haryanto, Robert Kubica
29%
26 2020 Daniil Kvyat
24%
94 2017 Pascal Wehrlein
24%
24 2024 Zhou Guanyu
24%
19 2017 Felipe Massa
18%
89 2020 Jack Aitken
18%
25 2014 Jean-Eric Vergne
18%
13 2015 Pastor Maldonado
18%
98 2015 Roberto Merhi
18%
28 2018 Will Stevens, Brendon Hartley
18%
53 2015 Aleander Rossi
12%
35 2018 Sergey Sirotkin
12%
Aucun quiz correspondant
Distribution des résultats
% des personnes avec chaque résultat
Percentile par nombre de réponses
Votre historique - résultats
Vous n’avez pas pris ce quiz